|
|
|
|
| LEADER |
03215nam a2200469 a 4500 |
| 001 |
EBC467852 |
| 003 |
MiAaPQ |
| 005 |
20200520144314.0 |
| 006 |
m o d | |
| 007 |
cr cn||||||||| |
| 008 |
140717s2009 ne ab sb 001 0 eng |
| 010 |
|
|
|z 2009010951
|
| 020 |
|
|
|z 9789004176409 (hardback : alk. paper)
|
| 020 |
|
|
|z 9004176403
|
| 035 |
|
|
|a (MiAaPQ)EBC467852
|
| 035 |
|
|
|a (Au-PeEL)EBL467852
|
| 035 |
|
|
|a (CaPaEBR)ebr10349310
|
| 035 |
|
|
|a (CaONFJC)MIL240148
|
| 035 |
|
|
|a (OCoLC)573925556
|
| 040 |
|
|
|a MiAaPQ
|c MiAaPQ
|d MiAaPQ
|
| 043 |
|
|
|a cl-----
|
| 050 |
|
4 |
|a G155.L3
|b C85 2009
|
| 082 |
0 |
4 |
|a 306.4/819098
|2 22
|
| 245 |
0 |
0 |
|a Cultural tourism in Latin America
|h [electronic resource] :
|b the politics of space and imagery /
|c edited by Michiel Baud and Annelou Ypeij.
|
| 260 |
|
|
|a Leiden ;
|a Boston :
|b Brill,
|c 2009.
|
| 300 |
|
|
|a xii, 323 p. :
|b ill., maps.
|
| 490 |
1 |
|
|a CEDLA Latin America studies,
|x 1572-6401 ;
|v v. 96
|
| 504 |
|
|
|a Includes bibliographical references and index.
|
| 505 |
0 |
|
|a Cultural tourism in Latin America : an introduction / Michiel Baud and Annelou Ypeij -- Tourism, folklore and the emergence of regional and national identities / Zoila S. Mendoza -- The 'three roots' of Panama's cultural heritage : the construction of racial and national identities in theme parks / Carla Guerron Montero -- Through the othering gaze : Yucatecan trova music and 'the tourist' in Yucatan, Mexico / Gabriela Vargas-Cetina -- 'A symbol of wisdom and love'? : counter-cultural tourism and the multiple faces of Maria Sabina in Huautla, Oaxaca / Ben Feinberg -- Sacamefotos and tejedoras : frontstage performance and backstage meaning in a Peruvian context / Beatrice Simon -- Tourism, the state and the marketing of traditional Andean artesanias : problematic encounters, pitfalls, and competing interests / Lynn A. Meisch -- Dishing up the city : tourism and street vendors in Cuzco / Griet Steel -- Caught between nature and culture : making a living within the world heritage site of Machu Picchu, Peru / Keely B. Maxwell and Annelou Ypeij -- Trivializing culture, social conflict and heritage tourism in Quito / Alan Middleton -- Contesting heritage in Antigua, Guatemala / Walter E. Little -- Hacienda hotels and other ironies of luxury in Yucatan, Mexico / Lisa Breglia -- Heritage and indigeneity : transformations in the politics of tourism / Quetzil E. Castaneda.
|
| 533 |
|
|
|a Electronic reproduction. Ann Arbor, MI : ProQuest, 2015. Available via World Wide Web. Access may be limited to ProQuest affiliated libraries.
|
| 650 |
|
0 |
|a Heritage tourism
|x Social aspects
|z Latin America.
|
| 650 |
|
0 |
|a Heritage tourism
|x Political aspects
|z Latin America.
|
| 650 |
|
0 |
|a Culture and tourism
|z Latin America.
|
| 650 |
|
0 |
|a Cultural property
|x Social aspects
|z Latin America.
|
| 651 |
|
0 |
|a Latin America
|x Cultural policy.
|
| 651 |
|
0 |
|a Latin America
|x Social conditions
|y 21st century.
|
| 655 |
|
4 |
|a Electronic books.
|
| 700 |
1 |
|
|a Baud, Michiel,
|d 1952-
|
| 700 |
1 |
|
|a Ypeij, Johanna Louisa.
|
| 710 |
2 |
|
|a ProQuest (Firm)
|
| 830 |
|
0 |
|a Latin America studies ;
|v 96.
|
| 856 |
4 |
0 |
|u https://ebookcentral.proquest.com/lib/matrademy/detail.action?docID=467852
|z Click to View
|